000 00280nam a2200097Ia 4500
008 230915s9999 xx 000 0 und d
050 _aTR146.L66.C.2
100 _aBARBARA LONDON
245 2 _aA SHORT COURSE IN PHOTOGRAPHY: AN INTRODUCTION TO PHOTOGRAPHIC TECHNIQUE
942 _cBK
999 _c205656
_d205656